000
00302nam a22001337a 4500
008
230418b ||||| |||| 00| 0 eng d
041
_a
SHQIP
080
_2
BOTIMI I DYTE
_a
004
082
_a
004DIK
100
_a
18
101
_a
SHKI
245
_a
KOMPJUTERI PER TE GJITHE
_c
DIKA .A
942
_2
udc
_c
BK
999
_c
59569
_d
59569